000 00533nam a22001817a 4500
005 20251108175947.0
008 250721s2022 xx 000 0 ara d
082 1 4 _a956.06516/عبد
100 1 _aعبدالحكيم، منصور
245 1 0 _aالمورسكيون /
264 1 _aالجيزة :
_bدار الفاروق للاستثمارات،
_c2022.
300 _a224ص.
650 1 7 _aالتاريخ الاسلامي
650 1 7 _aالاندلس
650 1 7 _aسقوط غرناطة
942 _2ddc
_cBK
999 _c146501
_d146501